000 00335nam a2200109Ia 4500
005 20251222144815.0
008 251222s9999||||xx |||||||||||||| ||spa||
082 _a353.485/D44
245 0 _aPropuestas Básicas de la Defensoría del Pueblo para la Reforma de la Justicia en el Perú:
264 _bDefensoría del Pueblo
942 _cLIB
999 _c20278
_d20278